000
00343nam a2200157Ia 4500
003
0STCL
008
150530s9999 xx 000 0 und d
040
_a
STCL
_c
STCL
100
_a
Vasishta, P.C.
245
_a
Taxonomy of agiosperms
260
_c
1976
546
_a
English
942
_2
ddc
_c
BK
999
_c
36668
_d
36668
005
20220125170407.0